000 01540nam a22003614a 4500
001 vtls003160409
003 MY-SjTCS
005 20200226113130.0
006 m u
007 cr cn|||||||||
008 100712s2003 enka sb 001 0 eng
010 _z 2002-035013
020 _z0521818281
035 _a(CaPaEBR)ebr10069871
039 9 _y201007121335
_zVLOAD
040 _aCaPaEBR
_cCaPaEBR
050 1 4 _aQA297.8
_b.V67 2003eb
082 0 4 _a511/.4
_221
100 1 _aVorst, H. A. van der,
_d1944-
245 1 0 _aIterative Krylov methods for large linear systems
_h[electronic resource] /
_cHenk A. van der Vorst.
260 _aCambridge ;
_aNew York :
_bCambridge University Press,
_c2003.
300 _axiii, 221 p. :
_bill. ;
_c24 cm.
490 1 _aCambridge monographs on applied and computational mathematics ;
_vv. 13
504 _aIncludes bibliographical references (p. 205-217) and index.
529 _aTSLHHL
533 _aElectronic reproduction.
_bPalo Alto, Calif. :
_cebrary,
_d2009.
_nAvailable via World Wide Web.
_nAccess may be limited to ebrary affiliated libraries.
650 0 _aIterative methods (Mathematics)
650 0 _aLinear systems.
_914373
655 7 _aElectronic books.
_2local
710 2 _aebrary, Inc.
_925628
830 0 _aCambridge monographs on applied and computational mathematics ;
_v13.
856 4 0 _uhttps://ezproxy.taylors.edu.my/login?url=http://site.ebrary.com/lib/taylorscollege/Doc?id=10069871
_zAn electronic book accessible through the World Wide Web; click to view
999 _c104203